| 000 | 01147cam a2200289 a 4500 | ||
|---|---|---|---|
| 001 | 13576188 | ||
| 005 | 20240818092944.0 | ||
| 008 | 040428r20041911nyua b 001 0 eng | ||
| 020 | _a0486439135 | ||
| 020 | _a9780486439136 | ||
| 082 | 0 | 0 |
_a513.5 _222 _bSMI |
| 100 | 1 |
_aSmith, David Eugene, _d1860-1944. _931450 |
|
| 245 | 1 | 4 |
_aThe Hindu-Arabic Numerals / _cDavid Eugene Smith and Louis Charles Karpinski. |
| 260 |
_aMineola, N.Y. : _bDover Publications, _c2004. |
||
| 300 |
_avi, 160 p. : _bill. ; _c23 cm. |
||
| 440 | 0 |
_aDover phoenix editions _931451 |
|
| 500 | _aOriginally published: Boston : Ginn and Co., 1911. | ||
| 504 | _aIncludes bibliographical references and index. | ||
| 650 | 0 |
_aNumerals. _924427 |
|
| 653 |
_cNovember2012 _bGeneral |
||
| 700 | 1 |
_aKarpinski, Louis Charles, _d1878-1956. _931452 |
|
| 942 |
_2ddc _cBB _hRDA-MOD |
||
| 999 |
_c17103 _d17075 |
||
| 336 |
_2rdacontent _atext _btxt |
||
| 337 |
_aunmediated _2rdamedia _bn |
||
| 338 |
_avolume _bnc _2rdacarrier |
||